Television Bromances Quiz Stats

 Plays Quiz Updated Sep 5, 2015

Score 0/20 Timer 07:00
6 Plays Today
% Correct
Friends (Joey & Chandler)
98.9%
Star Trek (Spock & Captain Kirk)
98.8%
Sesame Street (Ernie & Bert)
96.2%
The Office (Michael & Dwight)
94.4%
The Big Bang Theory (Howard & Raj)
94.4%
Family Guy (Stewie & Brian)
93.7%
Scrubs (Turk & J.D.)
93.1%
Seinfeld (George & Jerry)
91.5%
Game Of Thrones (Bronn & Tyrion)
91.3%
Cheers (Norm & Cliff)
83%
% Correct
Knight Rider (Michael & K.I.T.T.)
74.9%
It's Always Sunny In Philadelphia (Frank & Charlie)
72.9%
Whose Line Is It Anyway? (Ryan & Colin)
71.7%
The Andy Griffith Show (Barney & Andy)
61.8%
New Girl (Nick & Schmidt)
58%
Psych (Shawn & Gus)
57.1%
Three's Company (Jack & Larry)
53.9%
The Odd Couple (Felix & Oscar)
50.6%
Bosom Buddies (Henry & Kip)
37.6%
Perfect Strangers (Balki & Larry)
37.1%

You're not logged in!

Compare scores with friends on all Sporcle quizzes.
OR
Log In

Show Comments

Extras

Top Quizzes Today


Score Distribution

Your Account Isn't Verified!

In order to create a playlist on Sporcle, you need to verify the email address you used during registration. Go to your Sporcle Settings to finish the process.

Report this User

Report this user for behavior that violates our Community Guidelines.

Details: